000
00313nam a22001337a 4500
008
170710b xxu||||| |||| 00| 0 eng d
020
_a
9780875961637
041
_a
eng
080
_a
030
100
_a
23
101
_a
ENC
245
_a
THE PRACTICAL ENCYCLOPEDIA OF SEX AND HEALTH
_c
BECHTEL,S
942
_2
udc
_c
BK
999
_c
20167
_d
20167